000 005780000a22001810004500
090 _aAR
_b01282
100 1 _aHandley, Charles O.
_993068
245 1 0 _aDescriptions on new bats (<Chiroderma and Artibeus>) from Mexico
650 1 4 _aDistribución geográfica
_992997
650 1 4 _aMorfología animal
_99953
650 1 4 _aMurciélagos
_92659
651 4 _pMéxico
_992749
653 _gChiroderma
_eChiroderma salvini
653 _gArtibeus
_eArtibeus jamaicensis
041 0 _aInglés
942 _cARTICULO
773 1 _tAnales del Instituto de Biología
_3127
_q297-301
_d1965
_g36
999 _c10367
_d10367